[Event "40th ECC Open 2025"]
[Site "Rhodes GRE"]
[Date "2025.10.19"]
[Round "1.45"]
[White "Boruchovsky, Avital"]
[Black "Vollbehr, Bjarne"]
[Result "1-0"]
[WhiteTitle "GM"]
[BlackTitle "CM"]
[WhiteElo "2509"]
[BlackElo "2192"]
[WhiteTeam "Kfar Saba"]
[BlackTeam "SK Doppelbauer Kiel"]
[WhiteFideId "2800055"]
[BlackFideId "34606025"]
[EventDate "2025.10.19"]
[EventType "team"]

1. d4 d5 2. c4 dxc4 3. Nf3 Nf6 4. e3 e6 5. Bxc4 c5 6. O-O Be7 7. dxc5 Qxd1 8.
Rxd1 Bxc5 9. Nc3 O-O 10. Ne5 Nbd7 11. Nd3 Be7 12. e4 Nb6 13. Bb3 Rd8 14. a4 a5
15. Bf4 Ne8 16. Ne5 Nd7 17. Nc4 Nc5 18. Bc2 Bd7 19. Be3 Bc6 20. Rxd8 Rxd8 21.
Nxa5 Nc7 22. Rd1 Rxd1+ 23. Bxd1 N7a6 24. Nxc6 bxc6 25. Kf1 Nb4 26. Be2 Ncd3 27.
a5 Bc5 28. Bxd3 Bxe3 29. fxe3 Nxd3 30. a6 1-0

[Event "40th ECC Open 2025"]
[Site "Rhodes GRE"]
[Date "2025.10.19"]
[Round "1.46"]
[White "Braeutigam, Alexander"]
[Black "Levin, Guy"]
[Result "0-1"]
[BlackTitle "IM"]
[WhiteElo "2115"]
[BlackElo "2466"]
[WhiteTeam "SK Doppelbauer Kiel"]
[BlackTeam "Kfar Saba"]
[WhiteFideId "16245210"]
[BlackFideId "2824213"]
[EventDate "2025.10.19"]
[EventType "team"]

1. c4 e5 2. Nc3 Bb4 3. Nd5 a5 4. Nf3 d6 5. a3 Bc5 6. e3 c6 7. Nc3 Nd7 8. d4 Ba7
9. Be2 Ngf6 10. b3 O-O 11. Bb2 Re8 12. O-O e4 13. Nd2 d5 14. Re1 Bb8 15. f4 exf3
16. Bxf3 Nf8 17. e4 dxc4 18. Nxc4 Ba7 19. Kh1 Qxd4 20. Nd5 Qxd1 21. Nxf6+ gxf6
22. Raxd1 Be6 23. Bxf6 a4 24. Nd6 axb3 25. Nxe8 Rxe8 26. Bb2 Nd7 27. Bh5 Bb8 28.
Re2 Be5 29. Rf2 Bxb2 30. Rxd7 Bxd7 31. Bxf7+ Kg7 32. Bxe8 Bxe8 33. Rxb2 Bf7 34.
Re2 c5 35. Kg1 c4 36. Kf2 c3 37. Ke3 b2 38. Re1 c2 0-1

[Event "40th ECC Open 2025"]
[Site "Rhodes GRE"]
[Date "2025.10.19"]
[Round "1.47"]
[White "Erenberg, Ariel"]
[Black "Stegert, Jonas"]
[Result "1/2-1/2"]
[WhiteTitle "IM"]
[WhiteElo "2510"]
[BlackElo "2083"]
[WhiteTeam "Kfar Saba"]
[BlackTeam "SK Doppelbauer Kiel"]
[WhiteFideId "2811634"]
[BlackFideId "16247965"]
[EventDate "2025.10.19"]
[EventType "team"]

1. d4 d5 2. c4 e6 3. Nc3 dxc4 4. e4 Nf6 5. Bxc4 c5 6. d5 exd5 7. Nxd5 Nxd5 8.
Bxd5 Bd6 9. Ne2 O-O 10. O-O Na6 11. h3 Nc7 12. Bb3 Be6 13. Be3 Qe7 14. Bc2 Rad8
15. Qe1 Be5 16. Qa5 b6 17. Qa4 Qd7 18. Qxd7 Rxd7 19. Nc3 Bc4 20. Rfe1 Ne6 21.
Bb3 Bxb3 22. axb3 Nd4 23. Bxd4 Bxd4 24. Ra6 f5 25. e5 Re8 26. e6 Rde7 27. Kf1
Rxe6 28. Rxe6 Rxe6 29. Rxa7 Rd6 30. Nb5 Rd8 31. Rb7 Bxb2 32. Rxb6 Rd2 33. Nd6 g6
34. Nc4 Rc2 35. Nxb2 Rxb2 36. Rb5 1/2-1/2

[Event "40th ECC Open 2025"]
[Site "Rhodes GRE"]
[Date "2025.10.19"]
[Round "1.48"]
[White "Petersen, Finn Christopher"]
[Black "Mindlin, Alon"]
[Result "0-1"]
[BlackTitle "IM"]
[WhiteElo "1880"]
[BlackElo "2451"]
[WhiteTeam "SK Doppelbauer Kiel"]
[BlackTeam "Kfar Saba"]
[WhiteFideId "12964840"]
[BlackFideId "2800071"]
[EventDate "2025.10.19"]
[EventType "team"]

1. e4 e5 2. Nf3 Nc6 3. Nc3 Nf6 4. d4 exd4 5. Nxd4 Bb4 6. Nxc6 bxc6 7. Bd3 d5 8.
exd5 O-O 9. O-O cxd5 10. Bg5 c6 11. Qf3 Be7 12. h3 h6 13. Bf4 Bd6 14. Rfe1 Rb8
15. b3 Rb4 16. Bxd6 Qxd6 17. Ne2 Be6 18. c3 Rb7 19. Qf4 Rd8 20. Qxd6 Rxd6 21.
Nd4 c5 22. Nf5 Rd8 23. f3 c4 24. Bc2 cxb3 25. axb3 Bxf5 26. Bxf5 g6 27. Bd3 Rxb3
28. Rxa7 Rxc3 29. Ree7 Rxd3 30. Rxf7 Ne8 31. Rfe7 Rd1+ 32. Kf2 Rd2+ 33. Kg1 Rc2
34. Re6 Nc7 35. Rxg6+ Kh7 36. Rf6 Kg7 37. Rb6 d4 38. Ra5 d3 39. Rh5 d2 0-1

[Event "40th ECC Open 2025"]
[Site "Rhodes GRE"]
[Date "2025.10.19"]
[Round "1.49"]
[White "Fernandez, Daniel Howard"]
[Black "Movahed, Sina"]
[Result "0-1"]
[WhiteTitle "GM"]
[BlackTitle "GM"]
[WhiteElo "2496"]
[BlackElo "2586"]
[WhiteTeam "Kingston Kings"]
[BlackTeam "Turkish Airlines sports club"]
[WhiteFideId "5801605"]
[BlackFideId "42520835"]
[EventDate "2025.10.19"]
[EventType "team"]

1. e4 c5 2. c3 Nf6 3. e5 Nd5 4. Nf3 e6 5. g3 Nc6 6. Bg2 d6 7. Qe2 dxe5 8. Nxe5
Nxe5 9. Qxe5 Nf6 10. Qe2 Bd6 11. d3 O-O 12. a4 e5 13. Bg5 h6 14. Bxf6 Qxf6 15.
Nd2 Rb8 16. h4 Qg6 17. h5 Qg5 18. Nc4 Bc7 19. Kd1 Be6 20. Kc2 Rfe8 21. Ne3 Red8
22. g4 a6 23. Be4 b5 24. axb5 axb5 25. c4 bxc4 26. dxc4 Rd4 27. f3 Qd8 28. Rhd1
Ba5 29. Bd5 Qb6 30. Kc1 Bxd5 31. cxd5 e4 32. f4 Rd3 33. Ra2 c4 34. Nxc4 Qb3 35.
Rxa5 Qxc4+ 36. Qc2 Rxd1+ 37. Kxd1 Qf1+ 38. Kd2 e3+ 0-1

[Event "40th ECC Open 2025"]
[Site "Rhodes GRE"]
[Date "2025.10.19"]
[Round "1.50"]
[White "Xiao, Tong(QD)"]
[Black "Southcott-Moyers, Indy"]
[Result "1-0"]
[WhiteTitle "GM"]
[BlackTitle "FM"]
[WhiteElo "2537"]
[BlackElo "2256"]
[WhiteTeam "Turkish Airlines sports club"]
[BlackTeam "Kingston Kings"]
[WhiteFideId "8622388"]
[BlackFideId "488542"]
[EventDate "2025.10.19"]
[EventType "team"]

1. e4 e5 2. Nf3 Nc6 3. Bb5 a6 4. Ba4 Nf6 5. O-O Be7 6. Re1 b5 7. Bb3 d6 8. c3
O-O 9. h3 Bb7 10. d4 Re8 11. Nbd2 Bf8 12. a3 h6 13. Bc2 Nb8 14. b3 Nbd7 15. Bb2
g6 16. Bd3 Bg7 17. Qc2 Rc8 18. a4 c6 19. b4 Nb6 20. axb5 cxb5 21. Qb3 exd4 22.
cxd4 Na4 23. Rad1 Nxb2 24. Qxb2 Nd7 25. Rc1 Nb6 26. Qb3 Qd7 27. Bb1 Rxc1 28.
Rxc1 Rc8 29. Re1 Nc4 30. Nf1 a5 31. bxa5 Nxa5 32. Qb4 Nc4 33. Bd3 Bf8 34. Qb1
Re8 35. Ne3 Rc8 36. Qb3 d5 37. e5 Re8 38. h4 Nxe3 39. Rxe3 b4 40. h5 g5 41. Bb1
Bc8 42. Qc2 Bg7 43. Nxg5 Qf5 44. e6 Qxg5 45. exf7+ Kxf7 46. Qc7+ Kf8 47. Rxe8+
Kxe8 48. Bg6+ 1-0

[Event "40th ECC Open 2025"]
[Site "Rhodes GRE"]
[Date "2025.10.19"]
[Round "1.51"]
[White "Manmay Chopra"]
[Black "Oro, Faustino"]
[Result "1/2-1/2"]
[WhiteTitle "CM"]
[BlackTitle "IM"]
[WhiteElo "2185"]
[BlackElo "2509"]
[WhiteTeam "Kingston Kings"]
[BlackTeam "Turkish Airlines sports club"]
[WhiteFideId "25649191"]
[BlackFideId "20000197"]
[EventDate "2025.10.19"]
[EventType "team"]

1. e4 c5 2. Nf3 d6 3. d4 cxd4 4. Qxd4 Nc6 5. Bb5 a6 6. Bxc6+ bxc6 7. O-O e6 8.
c4 c5 9. Qd3 Ra7 10. Nc3 Rd7 11. b3 Ne7 12. Bb2 Ng6 13. Rad1 Be7 14. Ne2 O-O 15.
Ng3 Bb7 16. Nh5 f6 17. Qe3 Qe8 18. Rd2 Qf7 19. Rfd1 Bc6 20. Bc3 Rc8 21. h3 Bf8
22. Nf4 h6 23. Re1 Rdd8 24. Rde2 Re8 25. Qd2 Nh8 26. Qc2 g5 27. Nd3 Ng6 28. Nd2
h5 29. Nf1 Rc7 30. Qb2 Bg7 31. f3 Kh7 32. Ng3 Nf4 33. Rd2 Rd7 34. Red1 Rg8 35.
Ne2 Nxe2+ 36. Rxe2 g4 37. hxg4 hxg4 38. fxg4 Qg6 39. Nf2 Rh8 40. Rd3 Kg8 41. Rf3
e5 42. Bd2 Bf8 43. Qc3 Rdh7 44. Qa5 Bd7 45. Qd8 Rf7 46. Ree3 Re7 47. Rd3 Qe8 48.
Qxe8 Rxe8 49. Rxf6 Rh7 50. Rdf3 Be7 51. Rg6+ Rg7 52. Rxg7+ Kxg7 53. g3 Kg6 54.
Kg2 Rh8 55. Kg1 Be6 56. Kg2 Kg7 57. g5 Kg6 58. g4 Ra8 59. Kg3 Rb8 60. Nd1 Rh8
61. Nf2 Bd7 62. Rd3 Bc6 63. Rf3 Kg7 64. Rd3 Be8 65. Rf3 Bg6 66. Rd3 Kf7 67. Rf3+
Ke6 68. Rd3 Rb8 69. Rf3 Kd7 70. Rd3 Kc6 71. Rf3 Rg8 72. Rd3 Bf7 73. Rf3 Bg6 74.
Rd3 Bf7 75. Rf3 Bg6 1/2-1/2

[Event "40th ECC Open 2025"]
[Site "Rhodes GRE"]
[Date "2025.10.19"]
[Round "1.52"]
[White "Ahmad, Khagan"]
[Black "Murawski, Jan"]
[Result "1-0"]
[WhiteTitle "IM"]
[BlackTitle "CM"]
[WhiteElo "2455"]
[BlackElo "2165"]
[WhiteTeam "Turkish Airlines sports club"]
[BlackTeam "Kingston Kings"]
[WhiteFideId "13431552"]
[BlackFideId "21009287"]
[EventDate "2025.10.19"]
[EventType "team"]

1. e4 e5 2. Nf3 Nc6 3. Bb5 Nf6 4. d3 Bc5 5. c3 O-O 6. O-O d6 7. Re1 Bb6 8. h3
Ne7 9. Nbd2 Ng6 10. Nf1 c6 11. Ba4 Re8 12. Ng3 d5 13. Bg5 Qd6 14. Bxf6 Qxf6 15.
exd5 Nf4 16. d4 Bxh3 17. gxh3 Nxh3+ 18. Kf1 exd4 19. Rxe8+ Rxe8 20. dxc6 dxc3
21. cxb7 Nxf2 22. Qd7 Rd8 23. Qc6 Qf4 24. Re1 g6 25. Re8+ Kg7 26. Qxc3+ Bd4 27.
Ne2 Qf6 28. Nexd4 1-0

[Event "40th ECC Open 2025"]
[Site "Rhodes GRE"]
[Date "2025.10.19"]
[Round "1.53"]
[White "Patel, Zain"]
[Black "Cieslak, Patryk"]
[Result "0-1"]
[BlackTitle "IM"]
[WhiteElo "2063"]
[BlackElo "2474"]
[WhiteTeam "Kingston Kings"]
[BlackTeam "Turkish Airlines sports club"]
[WhiteFideId "469246"]
[BlackFideId "21078882"]
[EventDate "2025.10.19"]
[EventType "team"]

1. Nf3 d5 2. d4 Nf6 3. e3 c5 4. Nbd2 cxd4 5. exd4 Qc7 6. c3 Nc6 7. Bd3 Bg4 8.
O-O e6 9. h3 Bh5 10. Re1 Bd6 11. Be2 O-O 12. Ne5 Bxe5 13. Bxh5 Bh2+ 14. Kh1 Bf4
15. Be2 Rab8 16. a4 a6 17. Bd3 b5 18. Nf3 Bxc1 19. Qxc1 Rfc8 20. Ne5 Nxe5 21.
dxe5 Nd7 22. Qe3 Nc5 23. axb5 axb5 24. Bc2 b4 25. Rac1 bxc3 26. Qxc3 Qb6 27. Qe3
g6 28. Bb1 Qb4 29. Red1 Nd7 30. Rxc8+ Rxc8 31. Qe2 Qf4 32. Re1 Rc1 33. Bd3 Nxe5
34. Rxc1 Qxc1+ 35. Kh2 Nxd3 36. Qxd3 Qxb2 37. f4 Qb4 38. Qe3 Qe4 39. Qc1 Kg7 40.
Qc7 h6 41. h4 Qf5 42. g3 d4 43. Qd6 Qc2+ 44. Kh3 Qe4 45. Kh2 d3 46. Qc7 Qd4 0-1

[Event "40th ECC Open 2025"]
[Site "Rhodes GRE"]
[Date "2025.10.19"]
[Round "1.54"]
[White "Erten, Kerem"]
[Black "Vashisht-Pigem, Raman"]
[Result "1-0"]
[WhiteTitle "FM"]
[WhiteElo "2372"]
[BlackElo "1984"]
[WhiteTeam "Turkish Airlines sports club"]
[BlackTeam "Kingston Kings"]
[WhiteFideId "34588221"]
[BlackFideId "469734"]
[EventDate "2025.10.19"]
[EventType "team"]

1. e4 e5 2. Nc3 Nf6 3. Bc4 Nxe4 4. Qh5 Nd6 5. Bb3 Be7 6. Qxe5 O-O 7. Nf3 Bf6 8.
Qf4 Re8+ 9. Kf1 b6 10. Nd5 Bb7 11. Nxf6+ Qxf6 12. Qxf6 gxf6 13. d4 a5 14. a4 Nc6
15. c3 Re7 16. h4 Rae8 17. Be3 Nf5 18. Bd2 Ba6+ 19. Kg1 Re2 20. Bd1 R2e7 21. Bf4
Nd6 22. Bxd6 cxd6 23. Kh2 Kf8 24. Kg3 Re4 25. Nd2 Re1 26. Bg4 Rxh1 27. Rxh1 Bd3
28. f4 f5 29. Bf3 d5 30. Kf2 Be4 31. Ra1 Rb8 32. Be2 Ke7 33. Nf1 f6 34. Ne3 Kd6
35. Ra3 Kc7 36. Ra1 Kd6 37. g3 Rg8 38. Rc1 Rb8 39. Bf1 Rc8 40. Ra1 Kc7 41. Be2
Kd6 42. Bf3 Ke6 43. Bg2 Ne7 44. Bf3 Nc6 45. g4 Ne7 46. gxf5+ Kd6 47. Bxe4 dxe4
48. Rd1 Rg8 49. d5 Kc5 50. Rd4 Nc8 51. Rc4+ Kd6 52. Rxe4 Kc7 53. h5 Nd6 54. Re7
h6 55. Kf3 Kd8 56. Rh7 Re8 57. Ng4 Nxf5 58. Nxh6 Ne3 59. Nf7+ Kc7 60. Rh8 Rxh8
61. d6+ Kc6 62. Nxh8 Nf5 63. Nf7 Kd5 64. h6 Nh4+ 65. Kg4 Ng6 66. h7 1-0

[Event "40th ECC Open 2025"]
[Site "Rhodes GRE"]
[Date "2025.10.19"]
[Round "1.55"]
[White "Rozen, Eytan"]
[Black "Sevgi, Volkan"]
[Result "1-0"]
[WhiteTitle "IM"]
[BlackTitle "FM"]
[WhiteElo "2510"]
[BlackElo "2314"]
[WhiteTeam "Beer Sheva"]
[BlackTeam "Goztepe Spor Kulubu"]
[WhiteFideId "2816750"]
[BlackFideId "6325335"]
[EventDate "2025.10.19"]
[EventType "team"]

1. g3 e5 2. c4 d6 3. Nc3 g6 4. d3 Bg7 5. Bg2 Ne7 6. e4 Be6 7. f4 Nbc6 8. Nf3 O-O
9. O-O exf4 10. Bxf4 h6 11. Qd2 g5 12. Be3 Ng6 13. h4 g4 14. Nh2 h5 15. d4 Bd7
16. Nd5 f5 17. Rae1 f4 18. gxf4 Nxh4 19. f5 Nxg2 20. Kxg2 Qh4 21. Bf2 Qh3+ 22.
Kh1 g3 23. Bxg3 Qxg3 24. Rg1 Qh4 25. Qg2 Rf7 26. Re3 Re8 27. Rg3 Qxe4 28. Nf3
Qg4 29. Rxg4 hxg4 30. Qxg4 Bxf5 31. Nf6+ Kf8 32. Qxf5 Rxf6 33. Qg4 Rh6+ 34. Kg2
Rf6 35. Kh1 Rh6+ 36. Kg2 Rf6 37. Ng5 Kg8 38. Qh5 Re3 39. Rf1 Rxf1 40. Kxf1 Nxd4
41. Qf7+ Kh8 42. Qxc7 Re8 43. Qxb7 Nf5 44. Qd7 Rf8 45. Ne6 Rf6 46. Nxg7 Nxg7+
47. Ke1 1-0

[Event "40th ECC Open 2025"]
[Site "Rhodes GRE"]
[Date "2025.10.19"]
[Round "1.56"]
[White "Dedebas, Emre Emin"]
[Black "Ben Ari, Yannay"]
[Result "1/2-1/2"]
[WhiteTitle "FM"]
[BlackTitle "IM"]
[WhiteElo "2299"]
[BlackElo "2459"]
[WhiteTeam "Goztepe Spor Kulubu"]
[BlackTeam "Beer Sheva"]
[WhiteFideId "6349005"]
[BlackFideId "2815222"]
[EventDate "2025.10.19"]
[EventType "team"]

1. d4 Nf6 2. Nf3 d5 3. c4 e6 4. g3 Bb4+ 5. Bd2 Be7 6. Bg2 O-O 7. Qc2 Nbd7 8. O-O
c6 9. Bf4 b6 10. Rd1 Ba6 11. Ne5 Rc8 12. cxd5 cxd5 13. Nc6 Bb5 14. Nxe7+ Qxe7
15. Nc3 a5 16. Qd2 Ba6 17. Rac1 b5 18. a4 b4 19. Nb5 Bxb5 20. axb5 Nb6 21. Rxc8
Rxc8 22. Rc1 Qd7 23. Rxc8+ Qxc8 24. b3 h6 25. Qa2 Qa8 26. Bd6 Ne4 27. Bxe4 dxe4
28. Bc7 Qb7 29. Bd8 Qb8 30. Bxb6 Qxb6 31. Qa4 Kf8 32. e3 Ke7 33. h4 h5 34. Kg2
Kd6 35. Kg1 g6 36. Kg2 Kc7 37. Kf1 Kb7 38. Kg2 Qd8 39. Qa1 Kb6 40. Qc1 Qc7 41.
Qd1 Qc3 42. d5 Qd3 43. Qc1 Qc3 44. Qd1 Qd3 45. Qc1 Qxd5 46. Qc8 Kxb5 47. Qb8+
Ka6 48. Qc8+ Kb6 49. Qb8+ Qb7 50. Qd6+ Qc6 51. Qd8+ Qc7 52. Qe8 Kc5 53. Kg1 Kd5
54. Qh8 Kd6 55. Qf6 Qc3 56. Qd8+ Ke5 57. Qxa5+ Kf6 58. Qa4 Kg7 59. Kg2 Kf6 60.
Kg1 g5 61. hxg5+ Kxg5 62. Kg2 Kg6 63. Kg1 h4 64. gxh4 Kh5 65. Qe8 Qg7+ 66. Kf1
Kxh4 67. Qe7+ Kg4 68. Kg2 Qh7 69. Qf6 Qf5 70. Qg7+ Qg6 71. Qe5 Qf5 72. Qg7+ Kh5
73. Qh8+ Kg5 74. Qg7+ Qg6 75. Qe5+ Kh4+ 76. Kh2 Qf5 77. Qh8+ Kg4 78. Kg2 Qf3+
79. Kg1 Qd1+ 80. Kg2 Qxb3 81. Qg7+ Kf5 82. Qxf7+ Ke5 83. Qg7+ Kd6 84. Qf8+ Kd5
85. Qd8+ Kc5 86. Qc7+ Kb5 87. Qd7+ 1/2-1/2

[Event "40th ECC Open 2025"]
[Site "Rhodes GRE"]
[Date "2025.10.19"]
[Round "1.57"]
[White "Kobo, Ori"]
[Black "Gulbeyaz, Emir"]
[Result "1-0"]
[WhiteTitle "GM"]
[BlackTitle "FM"]
[WhiteElo "2480"]
[BlackElo "2213"]
[WhiteTeam "Beer Sheva"]
[BlackTeam "Goztepe Spor Kulubu"]
[WhiteFideId "2812320"]
[BlackFideId "6377076"]
[EventDate "2025.10.19"]
[EventType "team"]

1. e4 c5 2. Nf3 Nc6 3. Bb5 Nf6 4. Nc3 g6 5. O-O Bg7 6. e5 Ng4 7. Bxc6 dxc6 8.
Re1 Nh6 9. Ne4 b6 10. Nf6+ Kf8 11. Ne4 Nf5 12. d3 Nd4 13. Ned2 Be6 14. b3 Qd5
15. h3 h6 16. a4 g5 17. Bb2 Nxf3+ 18. Nxf3 Rd8 19. Nd2 Bf5 20. a5 b5 21. Qe2 h5
22. Ne4 g4 23. h4 Bxe4 24. Qxe4 Rh6 25. Qf4 Qe6 26. Re4 Rg6 27. Qe3 Rd5 28. c4
Rd7 29. g3 bxc4 30. dxc4 Qf5 31. Re1 Re6 32. Qxc5 Bh6 33. Rd4 Rb7 34. Qa3 Qc2
35. Bc1 Bxc1 36. Rxc1 Qxb3 37. Qc5 Qb4 38. a6 Rb6 39. Rd8+ Kg7 40. Qe3 Rg6 41.
e6 Qb2 42. exf7 Kxf7 43. Re1 Qf6 44. Qxb6 axb6 45. a7 Qc3 46. Rf1 1-0

[Event "40th ECC Open 2025"]
[Site "Rhodes GRE"]
[Date "2025.10.19"]
[Round "1.58"]
[White "Buyuk, Eymen Eren"]
[Black "Postny, Evgeny"]
[Result "0-1"]
[WhiteTitle "CM"]
[BlackTitle "GM"]
[WhiteElo "2163"]
[BlackElo "2529"]
[WhiteTeam "Goztepe Spor Kulubu"]
[BlackTeam "Beer Sheva"]
[WhiteFideId "26310872"]
[BlackFideId "2804344"]
[EventDate "2025.10.19"]
[EventType "team"]

1. Nf3 Nf6 2. c4 e6 3. g3 d5 4. Bg2 dxc4 5. Qa4+ Bd7 6. Qxc4 c5 7. Ne5 Qc8 8.
Nxd7 Qxd7 9. O-O Nc6 10. Nc3 Rc8 11. d3 Be7 12. Bg5 b6 13. Qa4 O-O 14. Rfd1 Rfd8
15. d4 cxd4 16. Bxc6 Rxc6 17. Rxd4 Qxd4 18. Qxc6 Ng4 19. e3 Qd2 20. Ne4 Qxb2 21.
Bxe7 Qxa1+ 22. Kg2 Qd1 23. h3 Qd5 24. Qxd5 Nxe3+ 25. fxe3 Rxd5 26. Kf3 f6 27.
Ke2 Rb5 28. Nd2 Kf7 29. Bd6 e5 30. e4 Rb2 31. a3 Ra2 32. Ke3 Ke6 33. Bb4 Rc2 34.
g4 g5 35. Nf3 Rc1 36. h4 gxh4 37. Nxh4 a5 38. Bd2 Ra1 39. Nf5 Rxa3+ 40. Ke2 Rb3
41. Kd1 a4 42. Kc2 Rh3 43. Ne3 a3 44. Nc4 a2 45. Kb2 Rh2 0-1

[Event "40th ECC Open 2025"]
[Site "Rhodes GRE"]
[Date "2025.10.19"]
[Round "1.59"]
[White "Huzman, Alexander"]
[Black "Gulsoy, Mustafa Alpago"]
[Result "1/2-1/2"]
[WhiteTitle "GM"]
[WhiteElo "2521"]
[BlackElo "2065"]
[WhiteTeam "Beer Sheva"]
[BlackTeam "Goztepe Spor Kulubu"]
[WhiteFideId "2803828"]
[BlackFideId "6337074"]
[EventDate "2025.10.19"]
[EventType "team"]

1. Nf3 e6 2. c4 Nf6 3. d4 Bb4+ 4. Bd2 Bxd2+ 5. Qxd2 d5 6. g4 O-O 7. Bg2 c6 8.
O-O dxc4 9. a4 b5 10. Nc3 Qb6 11. axb5 cxb5 12. Qg5 Nd5 13. Nxd5 exd5 14. Qxd5
Bb7 15. Qf5 Nc6 16. Rfd1 Ne7 17. Qc5 Rfe8 18. Qxb6 axb6 19. Ne1 Bxg2 20. Kxg2
Nc6 21. Rxa8 Rxa8 22. d5 Nb4 23. d6 Kf8 24. Nf3 Nc6 25. Rd5 b4 26. Nd4 Ra5 27.
Rxa5 Nxa5 28. Kf3 c3 29. b3 Ke8 30. Ke4 Kd7 31. Kd5 f6 32. f3 g5 33. Nc2 1/2-1/2

[Event "40th ECC Open 2025"]
[Site "Rhodes GRE"]
[Date "2025.10.19"]
[Round "1.60"]
[White "Comez, Kemalcan"]
[Black "Vydeslaver, Alik"]
[Result "0-1"]
[WhiteTitle "FM"]
[BlackTitle "IM"]
[WhiteElo "2059"]
[BlackElo "2373"]
[WhiteTeam "Goztepe Spor Kulubu"]
[BlackTeam "Beer Sheva"]
[WhiteFideId "6301622"]
[BlackFideId "2801876"]
[EventDate "2025.10.19"]
[EventType "team"]

1. e4 c5 2. Nf3 d6 3. Bb5+ Bd7 4. Bxd7+ Qxd7 5. O-O Nc6 6. c3 d5 7. e5 e6 8. d4
Nge7 9. Re1 cxd4 10. cxd4 Nf5 11. Nc3 Be7 12. Ne2 Qc7 13. Bd2 Rc8 14. Bc3 b5 15.
a3 a5 16. Qd3 Qb6 17. Rec1 O-O 18. Bd2 h6 19. g4 Nh4 20. Nxh4 Bxh4 21. Be3 a4
22. Nc3 Rb8 23. Nb1 Na5 24. Nd2 Nc4 25. Rc2 f5 26. exf6 Rxf6 27. Nxc4 bxc4 28.
Qe2 Rbf8 29. f4 g5 30. fxg5 hxg5 31. Qd2 Rf3 32. Bxg5 Rd3 33. Bxh4 Qxd4+ 34. Qf2
Rxf2 35. Rxf2 Rd1+ 36. Rxd1 Qxd1+ 37. Kg2 Qxg4+ 38. Bg3 d4 39. Rf4 Qe2+ 40. Rf2
Qe4+ 41. Kh3 Qe3 42. Kg2 e5 43. Rf3 Qe2+ 44. Rf2 Qe4+ 45. Kh3 d3 46. Bh4 d2 0-1

[Event "40th ECC Open 2025"]
[Site "Rhodes GRE"]
[Date "2025.10.19"]
[Round "1.61"]
[White "Lund, Gunnar"]
[Black "Cheng, Bobby"]
[Result "0-1"]
[WhiteTitle "FM"]
[BlackTitle "GM"]
[WhiteElo "2333"]
[BlackElo "2596"]
[WhiteTeam "Alta Sjakklubb"]
[BlackTeam "SV Werder Bremen"]
[WhiteFideId "1520814"]
[BlackFideId "4300033"]
[EventDate "2025.10.19"]
[EventType "team"]

1. d4 Nf6 2. c4 e6 3. Nf3 b6 4. g3 Ba6 5. b3 Bb4+ 6. Bd2 Be7 7. Nc3 d5 8. cxd5
exd5 9. Bg2 O-O 10. O-O Re8 11. a3 c5 12. Bf4 Nc6 13. Re1 Ne4 14. Nxe4 dxe4 15.
Nd2 Nxd4 16. Bxe4 Bf6 17. Rb1 Rc8 18. a4 Qd7 19. e3 Nxb3 20. Rxb3 c4 21. Rb5
Bxb5 22. axb5 c3 23. Bc6 Qxd2 24. Bxe8 Qxd1 25. Rxd1 c2 26. Rc1 Bb2 27. Rxc2
Rxc2 28. Bc6 Bc3 29. Kf1 f6 30. Bd5+ Kh8 31. Bb8 Be5 32. Bxa7 Bc7 33. Bb7 Ra2
34. Ba6 g5 0-1

[Event "40th ECC Open 2025"]
[Site "Rhodes GRE"]
[Date "2025.10.19"]
[Round "1.62"]
[White "Wachinger, Nikolas"]
[Black "Nielsen, Andre"]
[Result "1-0"]
[WhiteTitle "IM"]
[BlackTitle "FM"]
[WhiteElo "2456"]
[BlackElo "2304"]
[WhiteTeam "SV Werder Bremen"]
[BlackTeam "Alta Sjakklubb"]
[WhiteFideId "12962791"]
[BlackFideId "1518240"]
[EventDate "2025.10.19"]
[EventType "team"]

1. e4 e5 2. Nf3 Nc6 3. Bb5 a6 4. Ba4 Nf6 5. O-O Bc5 6. c3 b5 7. Bb3 d6 8. a4 Rb8
9. d4 Bb6 10. a5 Ba7 11. h3 O-O 12. Be3 Ra8 13. Re1 h6 14. Nbd2 Re8 15. Ba2 exd4
16. cxd4 Nb4 17. Bb1 Bb7 18. Qb3 c5 19. d5 Bb8 20. g4 Qd7 21. Nh4 h5 22. f3 g6
23. Nf1 Bc7 24. Bf2 hxg4 25. hxg4 Nh7 26. Ne3 Qd8 27. Qa3 Ng5 28. Kg2 Qf6 29.
Qc3 Qg7 30. Rh1 Bd8 31. Qxg7+ Kxg7 32. Nhf5+ gxf5 33. Nxf5+ Kg8 34. Nxd6 Bf6 35.
Nxb7 Bxb2 36. Bxc5 Bxa1 37. Bxb4 Be5 38. Bd2 Ra7 39. Nc5 Nh7 40. f4 Bd6 41. e5
Bxc5 42. Bxh7+ Kg7 43. Bc3 Rh8 44. e6+ f6 45. Be4 Rxh1 46. Kxh1 b4 47. Bb2 Be7
48. g5 b3 49. Kg2 Rc7 50. gxf6+ Bxf6 51. d6 Rc2+ 52. Bxc2 bxc2 53. Ba3 Kf8 54.
d7+ Kg7 55. Kf3 Kg6 56. Ke4 Be7 57. f5+ Kf6 58. Bb2+ Kg5 59. f6 1-0

[Event "40th ECC Open 2025"]
[Site "Rhodes GRE"]
[Date "2025.10.19"]
[Round "1.63"]
[White "Bruaset, Eivind"]
[Black "Colbow, Collin"]
[Result "0-1"]
[BlackTitle "IM"]
[WhiteElo "2200"]
[BlackElo "2435"]
[WhiteTeam "Alta Sjakklubb"]
[BlackTeam "SV Werder Bremen"]
[WhiteFideId "1515276"]
[BlackFideId "16201132"]
[EventDate "2025.10.19"]
[EventType "team"]

1. e4 c5 2. Nf3 Nc6 3. d4 cxd4 4. Nxd4 e5 5. Nb5 d6 6. N1c3 a6 7. Na3 Be6 8. Nc4
b5 9. Ne3 Nf6 10. Bd3 g6 11. O-O Bg7 12. a4 b4 13. Ncd5 O-O 14. Bd2 a5 15. c3
Bxd5 16. Nxd5 Nxd5 17. exd5 bxc3 18. bxc3 Nb8 19. Rb1 Nd7 20. Bb5 e4 21. Qe2 f5
22. Bxd7 Qxd7 23. Rb5 Rae8 24. f4 exf3 25. Qxf3 Qc7 26. Qd3 Re4 27. Rfb1 Rxa4
28. Rb7 Qc5+ 29. Be3 Qxc3 30. Qxc3 Bxc3 31. Rc7 Be5 32. Rbb7 f4 33. Bd2 Bd4+ 34.
Kf1 Re8 35. Rb1 Ra2 36. Rd1 a4 37. Rc4 Be5 38. Kf2 Ra8 39. Kf3 g5 40. h4 a3 41.
Ke4 Rxd2 42. Rxd2 a2 43. Rxa2 Rxa2 44. Kf5 gxh4 45. Rc8+ Kg7 0-1

[Event "40th ECC Open 2025"]
[Site "Rhodes GRE"]
[Date "2025.10.19"]
[Round "1.64"]
[White "Grigorian, Spartak"]
[Black "Skaar, Ben Samuel Groth"]
[Result "1-0"]
[WhiteTitle "IM"]
[WhiteElo "2424"]
[BlackElo "2167"]
[WhiteTeam "SV Werder Bremen"]
[BlackTeam "Alta Sjakklubb"]
[WhiteFideId "24661490"]
[BlackFideId "1552660"]
[EventDate "2025.10.19"]
[EventType "team"]

1. d4 d5 2. c4 c6 3. Nf3 Nf6 4. Nc3 e6 5. e3 Nbd7 6. Be2 Bd6 7. a4 O-O 8. O-O
dxc4 9. Bxc4 e5 10. h3 exd4 11. exd4 Nb6 12. Bb3 h6 13. Ne5 a5 14. Qf3 Bb4 15.
Qg3 Nh5 16. Qg6 Be6 17. Bxe6 fxe6 18. Qxh5 Rf5 19. Qg4 Bxc3 20. bxc3 Qf6 21. Qg6
Nd5 22. Qxf6 gxf6 23. Ng4 Kg7 24. Bxh6+ 1-0